[Event "LUX-ch U18"]
[Site "Bonnevoie"]
[Date "2000.02.29"]
[Round "4"]
[White "Dahm, Rene"]
[Black "Wilhelm, Marc"]
[Result "0-1"]
[WhiteElo "1438"]
[BlackElo "1614"]
[PlyCount "32"]
[EventDate "2000.02.26"]
[EventType "swiss"]
[EventRounds "7"]
[EventCountry "LUX"]
[SourceTitle "EXT 2005"]
[Source "ChessBase"]
[SourceDate "2004.11.15"]
[SourceVersion "1"]
[SourceVersionDate "2004.11.15"]
[SourceQuality "1"]

1. e4 c5 2. Nf3 d6 3. d4 cxd4 4. Nxd4 Nf6 5. Nc3 a6 6. Be3 e6 7. f3 Be7 8. Qd2 0-0 9. 0-0-0 Nc6 10. Bd3 Nxd4 11. Bxd4 e5 12. Be3 Be6 13. g4 Qa5 14. Kb1 Rac8 15. Ne2 Qxa2+ 16. Kc1 Qa1# 0-1